| 000 | 00000nam 2200000za 4500 |
| 001 | 9.665115 |
| 003 | CaOODSP |
| 005 | 20210615122029 |
| 007 | ta |
| 008 | 150407|2003||||xxc||||| f|0| 0 eng d |
| 040 | |aCaOODSP|beng |
| 041 | |aeng |
| 041 | |afre |
| 043 | |an-cn--- |
| 086 | 1 |aSE3-23/2002 |
| 245 | 01|a[Report of the Federal Electoral Boundaries Commission ... 2003]. |
| 260 | |aOttawa : |bElections Canada, |c2003, c2002. |
| 300 | |aIn 10 v. |
| 500 | |a"Federal representation 2004". Commission report of: Alberta, British Columbia, Manitoba, New Brunswick, Newfoundland and Labrador, Nova Scotia, Ontario, Prince Edward Island, Québec, and Saskatchwan. Accompanied by: "Disposition by the Commission pursuant to subsection 23(1) of the Electoral Boundaries Readjustment Act of objections filed by members of the House of Commons with respect to the Commission's report ...", of Alberta, British Columbia, Manitoba, New Brunswick, Nova Scotia, Ontario, and Québec. |
| 520 | 3 |aThese reports from the 10 federal electoral boundaries commissioners, one for each province, sets out changes to the boundaries of the country’s electoral districts. These boundaries are readjusted after each decennial (10-year) census to reflect changes and movements in Canada’s population in accordance with the Constitution Act, 1867, and the Electoral Boundaries Readjustment Act (1985, as amended). |
| 563 | |aKit |
| 590 | |a03-44|b2003-10-31 |
| 690 | 07|aReports|2gcpds |
| 690 | 07|aBoundaries|2gcpds |
| 690 | 07|aElectoral districts|2gcpds |
| 710 | 2 |aElections Canada. |
| 792 | |t[Rapport de la Commission de délimitation des circonscriptions électorales fédérales ... 2003].|efre|w(CaOODSP)9.665116 |